| 000 | 00995nam a22002177a 4500 | ||
|---|---|---|---|
| 999 |
_c56909 _d56909 |
||
| 003 | Ge_BSU | ||
| 005 | 20190614191859.0 | ||
| 008 | 190614b2019 ||||| |||| 00| 0 geo d | ||
| 020 | _a9789941807831 (ნაწ. 3) | ||
| 041 | _ageo | ||
| 080 | _a510.22 (075.8) ხ-25 | ||
| 100 |
_aხარაზიშვილი, ა. _92505 |
||
| 245 |
_aსიმრავლეთა თეორიის საწყისები. ნაწ. 3 : / _cა. ხარაზიშვილი. |
||
| 264 |
_aთბილისი : _bსაქ. მეცნ. ეროვნული აკადემიის სტამბა, _c2019. |
||
| 300 |
_a250 გვ .: _c20 სმ. |
||
| 504 | _aბიბლიოგრ.: გვ. 240-248. | ||
| 653 | _aსიმრავლეთა თეორიის საწყისები | ||
| 653 | _aმათემატიკა | ||
| 710 |
_aსაქ. მეცნ. ეროვნული აკადემია. _91460 |
||
| 942 |
_2udc _cBK |
||